Normal view
MARC view
Entry Personal Name
001 - CONTROL NUMBER
- control field: 12201
003 - CONTROL NUMBER IDENTIFIER
- control field: dpl
005 - DATE AND TIME OF LATEST TRANSACTION
- control field: 20100813111549.0
008 - FIXED-LENGTH DATA ELEMENTS
- fixed length control field: 100813|||a|||||| | ||| d
040 ## - CATALOGING SOURCE
- Original cataloging agency: dpl
- Transcribing agency: dpl
100 ## - HEADING--PERSONAL NAME
- Personal name: Grasso, June
670 ## - SOURCE DATA FOUND
- Source citation: Work cat.: (dpl): Grasso, June, Modernization and revolution in china :, 2010
670 ## - SOURCE DATA FOUND
- Source citation: Work cat.: (dpl): Grasso, June, Modernization and revolution in china :, 2010
